Sueño de una noche de agosto : (Record no. 172531)

MARC details
000 -LEADER
campo de control de longitud fija 01143nam a2200253 i 4500
001 - NÚMERO DE CONTROL
campo de control 172531
003 - IDENTIFICADOR DE NÚMERO DE CONTROL
campo de control ES-MaACL
005 - FECHA Y HORA DE LA ÚLTIMA TRANSACCIÓN
campo de control 20250630161158.0
008 - DATOS DE LONGITUD FIJA--INFORMACIÓN GENERAL
campo de control de longitud fija 090715s1926 sp |||| | spa d
080 ## - NÚMERO DE LA CLASIFICACIÓN DECIMAL UNIVERSAL
Número de la Clasificación Decimal Universal 821.134.2-22"19"
080 ## - NÚMERO DE LA CLASIFICACIÓN DECIMAL UNIVERSAL
Número de la Clasificación Decimal Universal 821.111(417)-23"18"
100 1# - ENTRADA PRINCIPAL--NOMBRE DE PERSONA
Nombre de persona Martínez Sierra, Gregorio,
Fechas asociadas al nombre 1881-1947
9 (RLIN) 78429
245 10 - MENCIÓN DEL TÍTULO
Título Sueño de una noche de agosto :
Resto del título novela cómica en tres partes /
Mención de responsabilidad, etc. Gregorio Martínez Sierra . Salomé : drama en un acto / Oscar Wilde.
246 3# - FORMA VARIANTE DEL TITULO
Título propio/Titulo breve Salomé :
Resto del título drama en un acto
260 ## - PUBLICACIÓN, DISTRIBUCIÓN, ETC.
Lugar de publicación, distribución, etc. Madrid :
Nombre del editor, distribuidor, etc. Siglo XX,
Fecha de publicación, distribución, etc. 1926.
300 ## - DESCRIPCIÓN FÍSICA
Extensión 91 p. ;
Dimensiones 19 cm.
490 1# - MENCIÓN DE SERIE
Mención de serie Comedias, 5 de junio de 1926 ;
Designación de volumen o secuencia 16
594 ## - Nota al título y mención de responsabilidad
Nota al título y mención de responsabilidad Sueño de una noche de agosto: obra en colaboración entre Gregorio Martínez Sierra y María Lejárraga (María Martínez Sierra), estrenada en el Teatro Eslava, de Madrid, el día 20 de noviembre de 1918
700 1# - ENTRADA AGREGADA--NOMBRE PERSONAL
Nombre de persona Martínez Sierra, María,
Fechas asociadas al nombre 1874-1974
9 (RLIN) 78430
700 1# - ENTRADA AGREGADA--NOMBRE PERSONAL
Nombre de persona Wilde, Oscar,
Fechas asociadas al nombre 1854-1900
9 (RLIN) 241147
830 1# - PUNTO DE ACCESO ADICIONAL DE SERIE-TÍTULO UNIFORME
Título uniforme Comedias, 5 de junio de 1926 ;
Designación de volumen o secuencia 16
9 (RLIN) 223359
852 4# - LOCALIZACIÓN
Ubicación ES-MaACL
Número de control de estantería E-12850
Nota libre - Biblioteca Jacinto Martínez Lacalle
Holdings
Estatus retirado Estado de pérdida Estado de daño No para préstamo Biblioteca de origen Biblioteca actual Ubicación en estantería Fecha de adquisición Fuente de adquisición Total de préstamos Signatura topográfica completa Código de barras Visto por última vez Precio de reemplazo Tipo de ítem Koha
        Biblioteca del Ateneo de Madrid Biblioteca del Ateneo de Madrid Depósito 2 15/07/2009     E-12850 1181057 23/02/2023 23/02/2023 Libro impreso